| 000 | 00424nam a2200109Ia 4500 | ||
|---|---|---|---|
| 008 | 230907s9999||||xx |||||||||||||| ||und|| | ||
| 082 |
_a621.3 _bIEC |
||
| 100 |
_aIEC Standards _9117978 |
||
| 245 | 0 | _aIEC 61466-2 ED. 1.1 B:2002: COMPOSITE STRING INSULATOR UNITS FOR OVERHEAD LINES WITH A NOMINAL VOLTAGE GREATER THAN 1 000 V - PART 2: DIMENSIONAL AND ELECTRICAL CHARACTERISTICS | |
| 260 |
_bIEC _c2019-09-13 |
||
| 942 |
_2ddc _cEB |
||
| 999 |
_c599855 _d599855 |
||